The moon / (Record no. 1781)

MARC details
000 -LEADER
fixed length control field 01169cam a22003614a 4500
001 - CONTROL NUMBER
control field 1781
003 - CONTROL NUMBER IDENTIFIER
control field FISKH
005 - DATE AND TIME OF LATEST TRANSACTION
control field 20231025092756.0
008 - FIXED-LENGTH DATA ELEMENTS--GENERAL INFORMATION
fixed length control field 020715s2003 nyua b 001 0 eng
010 ## - LIBRARY OF CONGRESS CONTROL NUMBER
LC control number 2002011216
020 ## - INTERNATIONAL STANDARD BOOK NUMBER
International Standard Book Number 0516228641
020 ## - INTERNATIONAL STANDARD BOOK NUMBER
International Standard Book Number 9780516244914
040 ## - CATALOGING SOURCE
Original cataloging agency DLC
Transcribing agency DLC
Modifying agency DLC
Language of cataloging eng
042 ## - AUTHENTICATION CODE
Authentication code pcc
-- lcac
043 ## - GEOGRAPHIC AREA CODE
Geographic area code zmo----
050 00 - LIBRARY OF CONGRESS CALL NUMBER
Classification number QB582
Item number .B74 2003
082 00 - DEWEY DECIMAL CLASSIFICATION NUMBER
Classification number 523.3
Edition number 21
100 1# - MAIN ENTRY--PERSONAL NAME
Personal name Bredeson, Carmen.
245 14 - TITLE STATEMENT
Title The moon /
Statement of responsibility, etc. by Carmen Bredeson ; consultants, Orsola De Marco, Ph.D.
260 ## - PUBLICATION, DISTRIBUTION, ETC.
Place of publication, distribution, etc. New York :
Name of publisher, distributor, etc. Scholastic,
Date of publication, distribution, etc. 2003.
300 ## - PHYSICAL DESCRIPTION
Extent 31 pages :
Other physical details color illustrations ;
Dimensions 19 cm.
440 #0 - SERIES STATEMENT/ADDED ENTRY--TITLE
Title Rookie read-about science
505 ## - FORMATTED CONTENTS NOTE
Formatted contents note N<br/>
520 ## - SUMMARY, ETC.
Summary, etc. A simple introduction to the physical features, orbit, and efforts to explore the Earth's moon.
521 8# - TARGET AUDIENCE NOTE
Target audience note 560<br/>
Source Lexile<br/>
521 8# - TARGET AUDIENCE NOTE
Target audience note N<br/>
Source Raz-Plus<br/>
650 ## - SUBJECT ADDED ENTRY--TOPICAL TERM
Topical term or geographic name entry element The moon
651 #0 - SUBJECT ADDED ENTRY--GEOGRAPHIC NAME
Geographic name Moon
Form subdivision Juvenile literature.
651 #1 - SUBJECT ADDED ENTRY--GEOGRAPHIC NAME
Geographic name Moon.
906 ## - LOCAL DATA ELEMENT F, LDF (RLIN)
a 7
b cbc
c orignew
d 1
e ecip
f 20
g y-gencatlg
942 ## - ADDED ENTRY ELEMENTS (KOHA)
Source of classification or shelving scheme Dewey Decimal Classification
Koha item type Books
Suppress in OPAC No
Holdings
Withdrawn status Lost status Source of classification or shelving scheme Damaged status Not for loan Collection Home library Current library Shelving location Date acquired Total Checkouts Full call number Barcode Date last seen Date last checked out Copy number Price effective from Koha item type
    Dewey Decimal Classification     Non-Fiction Footprints International School Library Network Toul Kork Campus Footprints International School Library Network Toul Kork Campus TK Primary Library Room(4th Floor), Bookcase 3&4, Shelves 17-32, Yellow Books 09/29/2023 2 BRE 523.3 QB582 FISBK02061 06/09/2025 12/03/2024 1 09/29/2023 Books
    Dewey Decimal Classification     Non-Fiction Footprints International School Library Network Toul Kork Campus Footprints International School Library Network Toul Kork Campus TK Primary Library Room(4th Floor), Bookcase 3&4, Shelves 17-32, Yellow Books 09/29/2023 2 BRE 523.3 QB582 FISBK02062 12/19/2025 08/29/2025 2 09/29/2023 Books
    Dewey Decimal Classification     Non-Fiction Footprints International School Library Network Toul Kork Campus Footprints International School Library Network Toul Kork Campus   09/29/2023 2 BRE 523.3 QB582 FISTK03262 03/19/2024 03/04/2024 3 09/29/2023 Books